000 00446nam a2200169Ia 4500
003 IN-BaIIA
008 211028s9999 xx 000 0 eng d
040 _cIIA Library
080 _a658.31
_bMUT
100 _aMuthuswamy, P
_97319
245 0 _aMedican attendance rule
_cP. Muthuswamy
260 _aMadras
_bSwamy Publishers
_c1972
300 _a32p.
650 _aCentral Government Rules
_97081
650 _aOthers Thesaurus
_9637
942 _cBK
999 _c4437
_d4437